<?xml version="1.0" encoding="UTF-8"?><?xml-stylesheet type="text/xsl" href="static/style.xsl"?><OAI-PMH xmlns="http://www.openarchives.org/OAI/2.0/" xmlns:xsi="http://www.w3.org/2001/XMLSchema-instance" xsi:schemaLocation="http://www.openarchives.org/OAI/2.0/ http://www.openarchives.org/OAI/2.0/OAI-PMH.xsd"><responseDate>2026-06-01T14:09:22Z</responseDate><request verb="GetRecord" identifier="oai:riuma.uma.es:10630/3961" metadataPrefix="marc">https://riuma.uma.es/rest/oai/request</request><GetRecord><record><header><identifier>oai:riuma.uma.es:10630/3961</identifier><datestamp>2026-02-03T12:49:50Z</datestamp><setSpec>com_10630_27</setSpec><setSpec>com_10630_3139</setSpec><setSpec>com_10630_10</setSpec><setSpec>col_10630_573</setSpec></header><metadata><record xmlns="http://www.loc.gov/MARC21/slim" xmlns:dcterms="http://purl.org/dc/terms/" xmlns:doc="http://www.lyncode.com/xoai" xmlns:xsi="http://www.w3.org/2001/XMLSchema-instance" xsi:schemaLocation="http://www.loc.gov/MARC21/slim http://www.loc.gov/standards/marcxml/schema/MARC21slim.xsd">
   <leader>00925njm 22002777a 4500</leader>
   <datafield ind2=" " ind1=" " tag="042">
      <subfield code="a">dc</subfield>
   </datafield>
   <datafield ind2=" " ind1=" " tag="720">
      <subfield code="a">Pastor Díaz, Julio E.</subfield>
      <subfield code="e">author</subfield>
   </datafield>
   <datafield ind2=" " ind1=" " tag="720">
      <subfield code="a">Martín Mosquero, María Angeles</subfield>
      <subfield code="e">author</subfield>
   </datafield>
   <datafield ind2=" " ind1=" " tag="720">
      <subfield code="a">Juan, Rocío</subfield>
      <subfield code="e">author</subfield>
   </datafield>
   <datafield ind2=" " ind1=" " tag="260">
      <subfield code="c">2001</subfield>
   </datafield>
   <datafield ind2=" " ind1=" " tag="520">
      <subfield code="a">Micromorfología y anatomía de dos especies Mediterráneas del género Ajuga L. (Lamiaceae). Se ha estudiado la morfología y la anatomía de tres taxones mediterráneos del género Ajuga L.: A. chamaepitys (L.) Schreb., A. iva (L.) Schreb. var. iva y A. iva var. pseudo-iva (DC.) Benth. A. iva s. l. muestra núculas de reticuladas a alveoladas, y A. chamaepitys, de ligeramente crestadas a reticuladas transversalmente. La presencia de células esclerenquimáticas más o menos isodiamétricas y de tamaño variable formando una capa gruesa en el mesocarpo relacionan filogenéticamente este género con Verbenaceae. Así mismo, con los caracteres de las núculas, se propone una clave para diferenciar los citados taxones</subfield>
   </datafield>
   <datafield ind1="8" ind2=" " tag="024">
      <subfield code="a">Acta Botánica Malacitana, Nº 26&#xd;
, 2001, Págs. 39&#xd;
-46</subfield>
   </datafield>
   <datafield ind1="8" ind2=" " tag="024">
      <subfield code="a">02109506</subfield>
   </datafield>
   <datafield ind1="8" ind2=" " tag="024">
      <subfield code="a">http://hdl.handle.net/10630/3961</subfield>
   </datafield>
   <datafield ind2="0" ind1="0" tag="245">
      <subfield code="a">Micromorfología y anatomía de dos especies mediterráneas del género Ajuga L. (Lamiaceae)</subfield>
   </datafield>
</record>
</metadata></record></GetRecord></OAI-PMH>